[Event "Budapest FS05 IM"]
[Site "Budapest"]
[Date "2014.05.08"]
[Round "6"]
[White "Chakravarthi, YVK"]
[Black "Nguyen, Thi Mai Hung"]
[Result "0-1"]
[WhiteElo "2147"]
[BlackElo "2316"]
[PlyCount "120"]
[EventDate "2014.05.03"]
[EventType "tourn"]
[EventRounds "11"]
[EventCountry "HUN"]
[EventCategory "2"]
[SourceTitle "CBM 160 Extra"]
[Source "ChessBase"]
[SourceDate "2014.07.01"]
[SourceVersion "1"]
[SourceVersionDate "2014.07.01"]
[SourceQuality "1"]

1. d4 d5 2. c4 c6 3. Nf3 Nf6 4. e3 Bf5 5. Nc3 e6 6. Nh4 Bg6 7. Qb3 Qc7 8. g3 Nbd7 9. Nxg6 hxg6 10. cxd5 exd5 11. Bg2 Be7 12. Bd2 Nb6 13. Na4 Nc4 14. Bb4 b5 15. Nc3 Bxb4 16. Qxb4 a5 17. Qb3 0-0 18. Qc2 Qd7 19. 0-0 Rfe8 20. b3 Nd6 21. Rac1 Rac8 22. Nd1 Nde4 23. f3 Nd6 24. Re1 Nf5 25. Bh3 Nxd4 26. Bxd7 Nxc2 27. Bxc8 Nxe1 28. Rxc6 Nxf3+ 29. Kg2 Ne5 30. Rc5 Ne4 31. Rxd5 Rxc8 32. Rxe5 Rc2+ 33. Kf3 f5 34. g4 Rd2 35. gxf5 gxf5 36. Rxf5 Nd6 37. Rc5 Rxd1 38. a4 Rd3 39. axb5 Rxb3 40. b6 a4 41. Ra5 a3 42. Ra7 Kh7 43. Kf4 Nc8 44. Rxa3 Rxb6 45. e4 Ne7 46. Ke5 Ng6+ 47. Kd5 Rb2 48. Rh3+ Kg8 49. Rg3 Nf4+ 50. Ke5 Nh5 51. Rh3 g6 52. Kd6 Rd2+ 53. Ke7 Re2 54. Rh4 Kg7 55. Ke6 Kh6 56. h3 Re3 57. e5 g5 58. Ra4 Rxh3 59. Kf7 Rf3+ 60. Ke7 Nf4 0-1

[Event "Kavala op 22nd"]
[Site "Kavala"]
[Date "2013.08.09"]
[Round "5"]
[White "Motuz, Karol"]
[Black "Chakravarthi, YVK"]
[Result "1-0"]
[WhiteElo "2330"]
[BlackElo "2084"]
[PlyCount "45"]
[EventDate "2013.08.06"]
[EventType "swiss"]
[EventRounds "9"]
[EventCountry "GRE"]
[SourceTitle "CBM 155 Extra"]
[Source "ChessBase"]
[SourceDate "2013.08.26"]
[SourceVersion "1"]
[SourceVersionDate "2013.08.26"]
[SourceQuality "1"]

1. c4 Nf6 2. d4 d5 3. cxd5 Nxd5 4. Nf3 g6 5. e4 Nb6 6. h3 Bg7 7. Nc3 0-0 8. Be3 Be6 9. d5 Bd7 10. a4 c6 11. a5 Nc8 12. Qb3 cxd5 13. exd5 Nd6 14. Be2 Re8 15. 0-0 e6 16. Rfd1 exd5 17. Qxd5 Nf5 18. Qxb7 Nxe3 19. fxe3 Bxc3 20. Qxa8 Qe7 21. Qxa7 Bb4 22. Rac1 Rd8 23. Qb6 1-0

[Event "Kavala op 22nd"]
[Site "Kavala"]
[Date "2013.08.06"]
[Round "1"]
[White "Ankit, R Rajpara"]
[Black "Chakravarthi, YVK"]
[Result "1-0"]
[WhiteElo "2439"]
[BlackElo "2084"]
[PlyCount "177"]
[EventDate "2013.08.06"]
[EventType "swiss"]
[EventRounds "9"]
[EventCountry "GRE"]
[SourceTitle "CBM 155 Extra"]
[Source "ChessBase"]
[SourceDate "2013.08.26"]
[SourceVersion "1"]
[SourceVersionDate "2013.08.26"]
[SourceQuality "1"]

1. e4 e6 2. d4 d5 3. Nd2 dxe4 4. Nxe4 Bd7 5. Nf3 Bc6 6. Bd3 Nd7 7. 0-0 Ngf6 8. Ng3 Be7 9. c3 0-0 10. Re1 Bxf3 11. Qxf3 c6 12. Bf4 Re8 13. Rad1 Qa5 14. Bb1 Qd5 15. Qe2 Nf8 16. c4 Qd7 17. a3 Rad8 18. Ne4 Nxe4 19. Bxe4 Bf6 20. Be3 Qc7 21. g3 Rd7 22. Rd3 Red8 23. Red1 Ng6 24. d5 cxd5 25. cxd5 exd5 26. Rxd5 Rxd5 27. Rxd5 Rxd5 28. Bxd5 b6 29. Qb5 Qe7 30. a4 h6 31. b3 Bg5 32. Bd4 Bf6 33. Bxf6 Qxf6 34. Qe8+ Nf8 35. b4 a5 36. bxa5 bxa5 37. Kg2 g5 38. Qe1 Qd8 39. Qe4 Qf6 40. Qc4 Kg7 41. Qc7 Ne6 42. Qxa5 Qe5 43. Qd2 Nc5 44. a5 Ne4 45. Bxe4 Qxe4+ 46. f3 Qc4 47. g4 Kh7 48. Qb2 Kg8 49. Qa1 Qa6 50. Qa2 Kg7 51. Qb2+ Kh7 52. Qe5 f6 53. Qe1 Kg7 54. Qd2 Kh7 55. Qd5 Kg7 56. Kf2 Qa7+ 57. Ke2 Qb8 58. Ke3 Qb4 59. Qd7+ Kg6 60. Qd3+ Kg7 61. a6 Qf4+ 62. Ke2 Qe5+ 63. Kd1 Qa1+ 64. Ke2 Qb2+ 65. Ke3 Qb6+ 66. Ke2 Qb2+ 67. Kf1 Qc1+ 68. Kf2 Qb2+ 69. Qe2 Qb6+ 70. Kg2 Qc5 71. Qa2 Qa7 72. Qe6 Qc7 73. Qb3 Qa5 74. Qb7+ Kg6 75. Qe4+ Kg7 76. Qe7+ Kg6 77. a7 Qd2+ 78. Kf1 Qc1+ 79. Kf2 Qb2+ 80. Qe2 Qd4+ 81. Qe3 Qb2+ 82. Kg3 Qa1 83. f4 gxf4+ 84. Kxf4 Qf1+ 85. Kg3 Qh1 86. Qd3+ Kg7 87. Qd7+ Kg6 88. Qe8+ Kg7 89. a8Q 1-0

[Event "Paleochora op 6th"]
[Site "Paleochora"]
[Date "2013.07.24"]
[Round "7"]
[White "Baron, Tal"]
[Black "Chakravarthi, YVK"]
[Result "1/2-1/2"]
[WhiteElo "2469"]
[BlackElo "2084"]
[PlyCount "35"]
[EventDate "2013.07.19"]
[EventType "swiss"]
[EventRounds "9"]
[EventCountry "GRE"]
[SourceTitle "CBM 155 Extra"]
[Source "ChessBase"]
[SourceDate "2013.08.26"]
[SourceVersion "1"]
[SourceVersionDate "2013.08.26"]
[SourceQuality "1"]

1. e4 e6 2. d4 d5 3. Nc3 dxe4 4. Nxe4 Bd7 5. Bd3 Bc6 6. Ne2 Nd7 7. 0-0 Ngf6 8. f3 Be7 9. Qe1 Nf8 10. Be3 Ng6 11. Rd1 0-0 12. c4 b6 13. Qg3 Bb7 14. N2c3 Qc8 15. Ng5 c5 16. Kh1 cxd4 17. Bxd4 Nh5 18. Qg4 1/2-1/2

[Event "Paleochora op 6th"]
[Site "Paleochora"]
[Date "2013.07.21"]
[Round "4"]
[White "Stathopoulos, Ioannis"]
[Black "Chakravarthi, YVK"]
[Result "1-0"]
[WhiteElo "2247"]
[BlackElo "2084"]
[PlyCount "99"]
[EventDate "2013.07.19"]
[EventType "swiss"]
[EventRounds "9"]
[EventCountry "GRE"]
[SourceTitle "CBM 155 Extra"]
[Source "ChessBase"]
[SourceDate "2013.08.26"]
[SourceVersion "1"]
[SourceVersionDate "2013.08.26"]
[SourceQuality "1"]

1. d4 d5 2. c4 c6 3. Nf3 Nf6 4. Nc3 a6 5. a4 g6 6. Bf4 Bg7 7. a5 0-0 8. e3 b5 9. axb6 Qxb6 10. Qc1 dxc4 11. Bxc4 c5 12. d5 Ne8 13. 0-0 Nd6 14. Be2 Nd7 15. e4 Bxc3 16. bxc3 Nxe4 17. Qe3 Nef6 18. c4 Re8 19. Rfb1 Qd8 20. Ne5 Nxe5 21. Bxe5 Bf5 22. Rb7 Nd7 23. Bc3 Qc8 24. Rb2 Nf6 25. f3 e5 26. g4 Nxg4 27. fxg4 Bxg4 28. Rf1 Bxe2 29. Qxe2 Qh3 30. Rc2 f5 31. Ba1 f4 32. Qe4 Rab8 33. d6 Qe6 34. Rd2 Rbd8 35. Rd5 Rxd6 36. Rxe5 Qg4+ 37. Kh1 Rde6 38. Qd5 f3 39. Rxf3 Qxf3+ 40. Qxf3 Rxe5 41. Bxe5 Rxe5 42. Qa8+ Kg7 43. Qxa6 Rf5 44. Qd6 h5 45. Qe7+ Kh6 46. h4 Rf3 47. Qg5+ Kg7 48. Qxc5 Rf5 49. Qe7+ Rf7 50. Qe5+ 1-0

[Event "Barcelona Sant Marti op-A 14th"]
[Site "Barcelona"]
[Date "2012.07.19"]
[Round "7"]
[White "Grafl, Florian"]
[Black "Chakravarthi, YVK"]
[Result "1/2-1/2"]
[WhiteElo "2387"]
[BlackElo "2053"]
[PlyCount "126"]
[EventDate "2012.07.13"]
[EventType "swiss"]
[EventRounds "9"]
[EventCountry "ESP"]
[SourceTitle "CBM 149 Extra"]
[Source "ChessBase"]
[SourceDate "2012.08.24"]
[SourceVersion "1"]
[SourceVersionDate "2012.08.24"]
[SourceQuality "1"]

1. f4 d5 2. Nf3 g6 3. e3 Bg7 4. Be2 Nf6 5. 0-0 0-0 6. d3 c5 7. a4 b6 8. Ne5 Bb7 9. Bf3 Nbd7 10. Nc3 e6 11. Nxd7 Qxd7 12. e4 dxe4 13. dxe4 Qd4+ 14. Kh1 Qxd1 15. Rxd1 Rfd8 16. Rxd8+ Rxd8 17. Be3 Ne8 18. Ne2 Bxb2 19. Rb1 Bd4 20. Nxd4 cxd4 21. Bg1 Nf6 22. Re1 Bc6 23. Bf2 Nh5 24. Bxh5 gxh5 25. a5 bxa5 26. e5 a6 27. Rd1 Be4 28. Rxd4 Rxd4 29. Bxd4 Bxc2 30. Bc5 Kg7 31. Kg1 Kg6 32. Kf2 Kf5 33. Ke3 Be4 34. g3 Bd5 35. h4 f6 36. Bd4 fxe5 37. Bxe5 a4 38. Bb2 Bc6 39. Ba1 a3 40. Bc3 a2 41. Ba1 Bd5 42. Bb2 a5 43. Ba1 a4 44. Bb2 Kg6 45. Kd4 Kf6 46. Ba1 Ke7 47. Kc5 Be4 48. Bc3 Kd7 49. Ba1 Kc7 50. Bc3 Bd3 51. Ba1 Kb7 52. Kd4 Bf5 53. Kc5 a3 54. Bd4 Bd3 55. Be5 Ka6 56. Kb4 Kb6 57. Kxa3 Kc5 58. Kxa2 Bf5 59. Kb3 Kd5 60. Kc3 Ke4 61. Bf6 Kf3 62. Kd4 Kxg3 63. Ke5 Kg4 1/2-1/2

[Event "Barcelona Sant Marti op-A 14th"]
[Site "Barcelona"]
[Date "2012.07.17"]
[Round "5"]
[White "Minguez Rodriguez, Raul"]
[Black "Chakravarthi, YVK"]
[Result "1/2-1/2"]
[WhiteElo "2237"]
[BlackElo "2053"]
[PlyCount "44"]
[EventDate "2012.07.13"]
[EventType "swiss"]
[EventRounds "9"]
[EventCountry "ESP"]
[SourceTitle "CBM 149 Extra"]
[Source "ChessBase"]
[SourceDate "2012.08.24"]
[SourceVersion "1"]
[SourceVersionDate "2012.08.24"]
[SourceQuality "1"]

1. e4 e6 2. d4 d5 3. Nc3 dxe4 4. Nxe4 Bd7 5. Nf3 Bc6 6. Neg5 Be7 7. Bd3 Nf6 8. Ne5 0-0 9. c3 Qd5 10. Qc2 g6 11. Bd2 Nbd7 12. Nxc6 bxc6 13. 0-0 c5 14. Be2 Rab8 15. Bf3 Qf5 16. Qxf5 gxf5 17. b3 cxd4 18. cxd4 Bd6 19. Rac1 Nb6 20. Bc6 Nbd5 21. Bxd5 Nxd5 22. Nf3 f6 1/2-1/2

[Event "Barcelona Sant Marti op-A 14th"]
[Site "Barcelona"]
[Date "2012.07.16"]
[Round "4"]
[White "Chakravarthi, YVK"]
[Black "Mamedjarova, Zeinab"]
[Result "0-1"]
[WhiteElo "2053"]
[BlackElo "2307"]
[PlyCount "64"]
[EventDate "2012.07.13"]
[EventType "swiss"]
[EventRounds "9"]
[EventCountry "ESP"]
[SourceTitle "CBM 149 Extra"]
[Source "ChessBase"]
[SourceDate "2012.08.24"]
[SourceVersion "1"]
[SourceVersionDate "2012.08.24"]
[SourceQuality "1"]

1. d4 Nf6 2. c4 e6 3. Nc3 b6 4. Bg5 Be7 5. e3 Bb7 6. Nf3 Ne4 7. Nxe4 Bxe4 8. Bxe7 Qxe7 9. a3 c5 10. Bd3 Bb7 11. 0-0 0-0 12. dxc5 bxc5 13. b4 cxb4 14. axb4 Na6 15. b5 Nc5 16. Be2 f5 17. Ra3 a5 18. bxa6 Bxa6 19. Qa1 f4 20. exf4 Rxf4 21. Rb1 Rff8 22. h3 d6 23. Qd4 Bb7 24. Rxa8 Bxa8 25. Rb6 Ne4 26. Qb2 Qc7 27. Nd4 Nc5 28. Bf3 Na4 29. Nxe6 Qe7 30. Qb4 Qxe6 31. Qxa4 Qe1+ 32. Kh2 Bxf3 0-1